Statistics for Double Trouble Animals

Click here to take the quiz!

General Stats

  • This quiz has been taken 56 times
  • The average score is 33 of 40

Answer Stats

Hint Answer % Correct
Venture / VulraVulture
98%
Tortoise
98%
Herrkat / MeeringHerring
94%
Faloise / TortobufBuffalo
94%
Meerkat
94%
Vigo / DincunaDingo
91%
Woman / AteembatWombat
91%
Eerena / HyreindHyena
91%
Kukey / DuturTurkey
89%
Sawalla / BylmonWallaby
89%
Jaguar
89%
Paguar / JarrotParrot
89%
Salmon
89%
Giraffe
87%
Shard / ArkleopLeopard
87%
Shark
87%
Iguana
85%
Flaffe / GiramingoFlamingo
85%
Humoceros / RhinmingbirdRhinoceros
85%
Hummingbird
85%
Peacock
83%
Rheer / EadDeer
83%
Badjack / AlgerBadger
81%
Gelot / OcoatOcelot
81%
Igule / EaganaEagle
81%
Jackal
79%
Goat
79%
Raven
79%
Manatee
77%
Rhea
77%
Vicuna
74%
Murala / LekoLemur
72%
Kudu
72%
Koala
70%
Peacelep / HantockElephant
68%
Reindeer
68%
Ostrich
66%
Armadillo
64%
Barich / BoonostBaboon
64%
Othillo / SlarmadSloth
62%

Score Distribution

Percentile by Number Answered

Percent of People with Each Score

Your Score History

You have not taken this quiz